What is calculus about?
Αποθηκεύτηκε σε:
| Κύριος συγγραφέας: | |
|---|---|
| Μορφή: | Βιβλίο |
| Γλώσσα: | English |
| Δημοσίευση: |
[New York] :
Random House,
c1961
|
| Σειρά: | New mathematical library ;
; 2 |
| Θέματα: | |
| Ετικέτες: |
Προσθήκη ετικέτας
Δεν υπάρχουν, Καταχωρήστε ετικέτα πρώτοι!
|
MARC
| LEADER | 00000cam a2200000 i 4500 | ||
|---|---|---|---|
| 001 | 1/8102 | ||
| 008 | 100604s1961 eng d | ||
| 035 | |l 10108130 | ||
| 040 | |a GR-MY-UA |b gre |e aacr | ||
| 041 | 0 | |a eng | |
| 082 | 0 | |a 515 |2 (22) | |
| 100 | 1 | |a Sawyer, W. W. |q (Walter Warwick), |d 1911-2008. | |
| 245 | 1 | 0 | |a What is calculus about? / |c by W. W. Sawyer |
| 260 | |a [New York] : |b Random House, |c c1961 | ||
| 300 | |a vi, 118 σ.; |b εικ.; |c 23 εκ. | ||
| 490 | 1 | |a New mathematical library |v ; 2 | |
| 650 | 0 | 0 | |a Calculus. |
| 830 | 0 | |a New mathematical library ; |v ; 2 | |
| 852 | |a INST |b SAMOS |c MAG |e 20100604 |h 515 SAW |p 005300031792 |q 005300031792 |t BK |y 0 | ||
| 901 | |a BIBL3-2010-2 | ||
| 909 | |a Σ |b 162409 | ||
| 970 | |a ΣΙΤΖΙΜΗ |b ΓΙΑΣΕΜΗ |z 2010/06/04 | ||